El poder de los sentimientos : la significación personal en el pricoanálisis, el género y la cultura /

Salvato in:
Dettagli Bibliografici
Autore principale: Chodorow, Nancy
Altri autori: Bixio, Alicia tr
Natura: testo
Lingua:Spanish
Pubblicazione: Buenos Aires: Paidós
Tags: Aggiungi Tag
Nessun Tag, puoi essere il primo ad aggiungerne!!

MARC

LEADER 00000 a a2200000 04500
001 38155
003 cru CIDCACS/IIS
005 20200925160600.0
008 170526b xxu||||| |||| 00| 0 spa d
020 |a 950-12-4235-8  
040 |c CRAI/IIS  |a CRAI/IIS 
090 |a 05.03.01 C545p 
100 |a Chodorow, Nancy  
245 |a El poder de los sentimientos :   |b  la significación personal en el pricoanálisis, el género y la cultura /   |c Nancy Chodorow; traducido por Alicia Bixio 
260 |a Buenos Aires:   |b Paidós  
300 |a 351 páginas 
700 |a Bixio, Alicia   |a tr.  
942 |2 ddc  |c LI 
999 |c 14727  |d 14727